00778nam a2200205 i 450000100060000000300090000600500170001500700030003200800410003510000290007624501570010526000390026230000260030170000260032770000250035370000230037885200320040199900170043395201220045068096ES-MaACL20230906170214.0t|040610s1959 xxu ||||1| eng d1 aGantmacher, F. R.95388810aAplications of the theory of matrices / cby F.R. Gantmacher ; translated and revised by J.L. Brenner with the assistance of D.W. Bushaw and S. Evanusa. aNew York, etc. : bWiley, c[1959] aIX, 317 p. ; c24 cm.1 aBrenner, J. L.9315931 aBushaw, D. W.9328201 aEvanusa, S.948379 aES-MaACLjC-56339 bR.88990 c68096d68096 00104070aATENEOMbATENEOMcDEPO2d2008-01-17eSCl0oC-56339p1071289r2023-02-23 00:00:00w2023-02-23yMONOGRAFIA